00457nam a2200157Ia 45000010006000000050017000060080041000230410008000640820017000721000028000892450125001172600009002423000032002516500008002836540008002912250620260414150836.0260414t2014||||xx |||||||||||||| ||spa|| aESP a621.382bB81 aBlaunstein, NathaneAUT 0aRadio propagation and adaptive antennas for wireless communication networks :bterrestrial, atmospheric, and lonospheric c2014 aix, 683 páginas :c24 cm. aTCA aCET